00250nam a2200109Ia 4500100002100000490000600021366000700027245004200034260003300076300000800109546002300117 aComer/Douglas E  v2 f25 aInter Networking with TCP/IP Vol 2 bPrentice Hall of Indiac1999 a660 aENGLISHcComputers